000 00545nam a2200205 4500
003 OSt
005 20260601193401.0
008 260506b |||||||| |||| 00| 0 eng d
020 _a 9780070188808
040 _aICI
_besp
_cICI
050 _aSB472.45
_bM68
100 1 _aEckbo, Garrett
_935049
245 1 _aUrban Landscape Design
264 _bMcGraw Hill Book Company
_c1964
_aEstados Unidos
300 _a248 páginas
336 _atexto
_2rdacontent
337 _asin medio
_2rdamedia
338 _avolumen
_2rdacarrier
942 _2ddc
_cB
_n1
999 _c21002
_d21002